| 000 | 00961cab a2200253 4500 | ||
|---|---|---|---|
| 001 | X606 | ||
| 008 | 090401t1993 xxu||||| |||| 00| 0 eng d | ||
| 035 | _a(Sirsi) u66518 | ||
| 041 | _aeng | ||
| 100 | _aHall, David | ||
| 245 | _aPlanning a sustainable future: getting around - transport and sustainability | ||
| 260 | _c1993 | ||
| 350 | _a0 | ||
| 490 |
_aTown & Country Planning _v62(1/2) January / February 1993, 8-12(5) |
||
| 520 | _aLooks at the unsustainable social and environmental impacts of current trends in the transport sector, and outlines the essentials of an environmental transport strategy for the UK. Seventh in series of articles linked to TCPA report (due mid-1993). | ||
| 650 | _aENVIRONMENTAL IMPACT | ||
| 650 | _aSUSTAINABLE DEVELOPMENT | ||
| 650 | _aTRANSPORT PLANNING | ||
| 650 | _aTRANSPORT POLICY | ||
| 690 | _aPLANNING LAW AND PRACTICE | ||
| 690 | _aTRANSPORT AND COMMUNICATIONS | ||
| 942 | _n0 | ||
| 948 | _c04/03/1997 | ||
| 999 |
_c41556 _d41556 |
||